| 000 | 00783nam a22002057a 4500 | ||
|---|---|---|---|
| 999 |
_c11583 _d11583 |
||
| 003 | AR-CdUCM | ||
| 008 | 190404b ||||| |||| 00| 0 spa d | ||
| 040 |
_aMUNICIPALIDAD PROVINCIAL DEL CUSCO _cBIBLIOTECA MUNICIPAL DEL CUSCO |
||
| 082 |
_25ed. _a869.009 / _bT69 / 19645 |
||
| 100 |
_aTorres Rioseco, Arturo _929014 |
||
| 245 | _aNueva historia de la gran literatura Iberoamericana / | ||
| 260 |
_aBuenos Aires : _bEmece, _c1945. |
||
| 300 |
_a337 páginas ; _c20 cm. |
||
| 505 | _aContenido: Los siglos coloniales -- La rebelión romántica en hispanoamericano -- El modernismo -- La literatura Gauchesca -- La novela hispanoamericana... | ||
| 650 |
_aLiteratura. _983 |
||
| 650 |
_aIberoamerica. _929015 |
||
| 650 |
_aPositivismo. _9521 |
||
| 942 |
_2ddc _cLIBROS |
||
| 945 | _awfj | ||